Statistics for 442's Top 100 World Football Players 2017

Click here to take the quiz!

General Stats

  • This quiz has been taken 620 times
  • The average score is 71 of 100

Answer Stats

#AnswerTeamCountry% Correct
2Cristiano RonaldoReal MadridPortugal
100%
1MessiBarcelonaArgentina
100%
3NeymarParis SGBrazil
99%
6ModricReal MadridCroatia
98%
13KaneTottenhamEngland
97%
4LewandowskiBayern MunichPoland
97%
5De BruyneManchester CityBelgium
96%
9AgueroManchester CityArgentina
95%
10CavaniParis SGUruguay
94%
19PogbaManchester UnitedFrance
94%
15HazardChelseaBelgium
93%
23KroosReal MadridGermany
93%
7KanteChelseaFrance
92%
8AubameyangBorussia DortmundGabon
91%
32SalahLiverpoolEgypt
91%
17Sergio RamosReal MadridSpain
91%
29SuarezBarcelonaUruguay
91%
20GriezmannAtletico MadridFrance
90%
22De GeaManchester UnitedSpain
88%
16DybalaJuventusArgentina
88%
26MbappeParis SGFrance
87%
25SilvaManchester CitySpain
87%
12OblakAtletico MadridSlovenia
86%
60BaleReal MadridWales
84%
11HiguainJuventusArgentina
84%
30MarceloReal MadridBrazil
84%
35SanchezArsenalChile
84%
70ManeLiverpoolSenegal
83%
18MertensNapoliBelgium
83%
49EriksenTottenhamDenmark
82%
55Keylor NavasReal MadridCosta Rica
82%
37PiqueBarcelonaSpain
81%
42RobbenBayern MunichNetherlands
81%
27CourtoisChelseaBelgium
80%
50LukakuManchester UtdBelgium
80%
28BuffonJuventusItaly
78%
24BusquetsBarcelonaSpain
78%
76Thiago SilvaParis SGBrazil
78%
69AlabaBayern MunichAustria
77%
43IniestaBarcelonaSpain
77%
96FirminoLiverpoolBrazil
76%
57GodinAtletico MadridUruguay
76%
21IscoReal MadridSpain
76%
52PjanicJuventusBosnia
76%
47NeuerBayern MunichGermany
75%
31VerrattiParis SGItaly
75%
33CasemiroReal MadridBrazil
74%
73FernandinhoManchester CityBrazil
74%
14IcardiInterArgentina
74%
88MullerBayernGermany
74%
41Ter StegenBarcelonaGermany
74%
53BonucciMilanItaly
73%
46FalcaoMonacoColombia
73%
71LlorisTottenhamFrance
73%
89BenzemaReal MadridFrance
72%
78ChielliniJuventusItaly
72%
93VaraneReal MadridFrance
72%
77VidalBayern MunichChile
72%
54HamsikNapoliSlovakia
71%
51WernerRB LeipzigGermany
71%
81LacazetteArsenalFrance
70%
100PulisicBorussia DortmundUSA
70%
87RakiticBarcelonaCroatia
70%
58CarvajalReal MadridSpain
69%
40CoutinhoLiverpoolBrazil
69%
48InsigneNapoliItaly
69%
98DzekoRomaBosnia
68%
94Javi MartinezBayernSpain
68%
45HummelsBayern MunichGermany
67%
65SaneManchester CityGermany
67%
68VertonghenTottenhamBelgium
67%
44KoulibalyNapoliSenegal
66%
92ValenciaManchester UnitedEcuador
66%
83AlliTottenhamEngland
65%
59EdersonManchester CityBrazil
62%
56KimmichBayern MunichGermany
62%
75SterlingManchester CityEngland
62%
39AzpilicuetaChelseaSpain
60%
84HandanovicInterSlovenia
60%
64KeitaRB LeipzigGuinea
60%
79KokeAtletico MadridSpain
60%
66AlderweireldTottenhamBelgium
59%
97UmtitiBarcelonaFrance
59%
86FabregasChelseaSpain
56%
38NainggolanRomaBelgium
54%
74ForsbergRB LeipzigSweden
53%
95AsensioReal MadridSpain
51%
61MorataChelseaSpain
51%
34Thiago AlcantaraBayern MunichSpain
42%
82FekirLyonFrance
40%
90DonnarummaMilanItaly
37%
72Alex SandroJuventusBrazil
34%
36Gabriel JesusManchester CityBrazil
34%
91LemarMonacoFrance
34%
99RabiotParis SGFrance
32%
63Dani AlvesParis SGBrazil
27%
80SuleBayernGermany
25%
85Filipe LuisAtletico MadridBrazil
23%
62JorginhoNapoliItaly
23%
67Jordi AlbaBarcelonaSpain
19%

Score Distribution

Percentile by Number Answered

Percent of People with Each Score

Your Score History

You have not taken this quiz